[Event "2. Abierto Hotel Cemar 2015"]
[Site "Mondariz ESP"]
[Date "2015.08.20"]
[Round "6.13"]
[White "Garcia Bugallo, Jose Luis"]
[Black "Campos Calvo-sotelo, Javier"]
[Result "1/2-1/2"]
[WhiteElo "1815"]
[BlackElo "2087"]
[PlyCount "95"]
[EventDate "2015.08.16"]
[EventType "swiss"]
[EventRounds "9"]
[EventCountry "ESP"]
[Source "lmi"]
[SourceDate "2015.08.16"]

1. e4 d5 2. exd5 Nf6 3. Bc4 Nxd5 4. d4 g6 5. Nf3 Bg7 6. O-O O-O 7. c3 c6 8. Re1
b5 9. Bb3 h6 10. a4 Bb7 11. Nbd2 Nd7 12. Bxd5 cxd5 13. axb5 e6 14. Nb3 Qb6 15.
Na5 Qxb5 16. Nxb7 Qxb7 17. Qa4 a5 18. Ra3 Nb6 19. Qb5 Qa6 20. Rb3 a4 21. Rb4
Qxb5 22. Rxb5 Nc4 23. Bf4 g5 24. Bg3 a3 25. bxa3 Rxa3 26. Rc1 Rc8 27. h3 Bf8
28. Rb8 Rxb8 29. Bxb8 Bd6 30. Bxd6 Nxd6 31. Ne5 Nb5 32. Rb1 Nxc3 33. Rb8+ Kg7
34. Rb7 Ne2+ 35. Kh2 Nxd4 36. Rxf7+ Kg8 37. Rf6 Ra2 38. Rxh6 Rxf2 39. Rg6+ Kh7
40. Rxg5 Nf5 41. Ng4 Re2 42. h4 Nxh4 43. Rh5+ Kg6 44. Rxh4 Kg5 45. Kh3 d4 46.
Nh2 e5 47. Nf3+ Kf6 48. Nxd4 1/2-1/2

[Event "2. Abierto Hotel Cemar 2015"]
[Site "Mondariz ESP"]
[Date "2015.08.20"]
[Round "6.14"]
[White "Adams, Philip"]
[Black "Perez Romero, Alfredo"]
[Result "1-0"]
[WhiteElo "2015"]
[BlackElo "1806"]
[PlyCount "74"]
[EventDate "2015.08.16"]
[EventType "swiss"]
[EventRounds "9"]
[EventCountry "ESP"]
[Source "lmi"]
[SourceDate "2015.08.16"]

1. e4 e6 2. Nf3 d5 3. Nc3 dxe4 4. Nxe4 Nf6 5. Nxf6+ Qxf6 6. d4 Qd8 7. Bd3 Be7
8. Qe2 Nd7 9. O-O Nf6 10. Bg5 Nd5 11. Bd2 O-O 12. c4 Nf6 13. Rad1 b6 14. Rfe1
Re8 15. Bc3 Bb7 16. Ne5 Bf8 17. Bc2 Qe7 18. Ba4 Rec8 19. Bc6 Bxc6 20. Nxc6 Qd6
21. Qf3 a5 22. Bd2 h6 23. Bf4 Qd7 24. Ne5 Qe7 25. Nc6 Qd7 26. Be5 Ne8 27. d5
exd5 28. cxd5 f6 29. Bg3 Nd6 30. Re6 Re8 31. Rde1 Rxe6 32. dxe6 Re8 33. Qd5 Kh8
34. f3 Qc8 35. e7 Kh7 36. exf8=N+ Rxf8 37. Bxd6 cxd6 1-0

[Event "2. Abierto Hotel Cemar 2015"]
[Site "Mondariz ESP"]
[Date "2015.08.20"]
[Round "6.15"]
[White "Salgado Gonzalez, Julio"]
[Black "Dominguez Fernandez, Angel I"]
[Result "1-0"]
[WhiteElo "1801"]
[BlackElo "1992"]
[PlyCount "83"]
[EventDate "2015.08.16"]
[EventType "swiss"]
[EventRounds "9"]
[EventCountry "ESP"]
[Source "lmi"]
[SourceDate "2015.08.16"]

1. d4 Nf6 2. Nf3 e6 3. Bf4 b6 4. e3 Bb7 5. Nbd2 Be7 6. Bd3 d5 7. O-O O-O 8. Ne5
c5 9. c3 Nc6 10. Qf3 Nd7 11. Qh3 f5 12. g4 Ndxe5 13. dxe5 g6 14. Rad1 Qc7 15.
Nf3 Kh8 16. Qg3 Na5 17. h4 d4 18. cxd4 fxg4 19. Qxg4 Bxf3 20. Qxf3 Bxh4 21. Qg4
g5 22. Bg3 Qe7 23. Kg2 cxd4 24. exd4 Rg8 25. Be4 Raf8 26. d5 Rf4 27. Qe2 Rff8
28. dxe6 Rd8 29. Qg4 Bxg3 30. fxg3 Nc4 31. Rde1 Rd2+ 32. Kh1 Qg7 33. Qh5 Nxe5
34. Bxh7 Qxh7 35. Qxh7+ Kxh7 36. Rxe5 Rg6 37. Rf7+ Kg8 38. e7 Rh6+ 39. Kg1 Rd1+
40. Rf1 Rxf1+ 41. Kxf1 Rf6+ 42. Ke2 1-0

[Event "2. Abierto Hotel Cemar 2015"]
[Site "Mondariz ESP"]
[Date "2015.08.20"]
[Round "6.16"]
[White "Boo Vallejo, Marcos"]
[Black "Campos Calvo-sotelo, Juan"]
[Result "0-1"]
[WhiteElo "1771"]
[BlackElo "1956"]
[PlyCount "75"]
[EventDate "2015.08.16"]
[EventType "swiss"]
[EventRounds "9"]
[EventCountry "ESP"]
[Source "lmi"]
[SourceDate "2015.08.16"]

1. e4 e6 2. d4 a6 3. Be3 b5 4. Bd3 Nf6 5. Nd2 Bb7 6. a4 b4 7. Ngf3 c5 8. c3
cxd4 9. cxd4 Nc6 10. O-O h6 11. Re1 Ng4 12. Bf4 g5 13. Bg3 h5 14. d5 h4 15.
dxc6 hxg3 16. hxg3 Rh1+ 17. Kxh1 Nxf2+ 18. Kg1 Nxd1 19. cxb7 Qb6+ 20. Kh2 Qxb7
21. Rexd1 Be7 22. Rac1 Kf8 23. g4 Kg7 24. Ng1 Bd6+ 25. Kh1 Bf4 26. Rc2 Rh8+ 27.
Nh3 Rh4 28. Be2 Qb6 29. Nf1 b3 30. Rc3 Qf2 31. Bc4 Qxb2 32. Rcd3 Qe2 33. Bxb3
Qxe4 34. Kg1 Bc7 35. Nxg5 Bb6+ 36. Ne3 Bxe3+ 37. Kf1 Rh1+ 38. Ke2 0-1

[Event "2. Abierto Hotel Cemar 2015"]
[Site "Mondariz ESP"]
[Date "2015.08.20"]
[Round "6.17"]
[White "Maquieira Vidal, Alvaro"]
[Black "Rebollo Montes, Bernardo"]
[Result "1-0"]
[WhiteElo "1832"]
[BlackElo "1785"]
[PlyCount "169"]
[EventDate "2015.08.16"]
[EventType "swiss"]
[EventRounds "9"]
[EventCountry "ESP"]
[Source "lmi"]
[SourceDate "2015.08.16"]

1. e4 d5 2. exd5 Qxd5 3. Nc3 Qa5 4. Bc4 Nf6 5. d3 c6 6. Qe2 Nbd7 7. Bd2 Qc7 8.
h3 b5 9. Bb3 a5 10. a3 e6 11. Nf3 Bd6 12. O-O O-O 13. Rfe1 Nb6 14. Ne4 Nxe4 15.
Qxe4 Nd5 16. c3 Bb7 17. d4 Bf4 18. Ng5 g6 19. Bxf4 Qxf4 20. Bxd5 Qxg5 21. Bxc6
Bxc6 22. Qxc6 Rfc8 23. Qe4 Rab8 24. Rac1 Rb6 25. Rc2 Rbc6 26. Qe5 Qxe5 27. Rxe5
b4 28. axb4 axb4 29. Re3 Rc4 30. Rd3 Kg7 31. Kf1 Kf6 32. Ke2 Ke7 33. Kd2 Ra8
34. b3 bxc3+ 35. Rcxc3 Ra2+ 36. Ke3 Rb4 37. Rd2 Ra1 38. Kd3 h5 39. Rc7+ Kd6 40.
Rxf7 Rxb3+ 41. Ke2 Ra8 42. Rf6 g5 43. Rh6 h4 44. d5 Re8 45. Rg6 Rb5 46. dxe6+
Kc7 47. Kf3 Rb4 48. g3 hxg3 49. Kxg3 Re4 50. Rxg5 R8xe6 51. Rc5+ Kb6 52. Rc3
Rg6+ 53. Kh2 Rb4 54. f3 Rb1 55. Rg2 Rf6 56. h4 Rh6 57. Rg4 Rb5 58. Kg3 Rb1 59.
Rc2 Rg1+ 60. Rg2 Rxg2+ 61. Kxg2 Kc5 62. Kg3 Kd5 63. Re4 Rg6+ 64. Kf4 Rf6+ 65.
Kg4 Rg6+ 66. Kf5 Rg8 67. Re5+ Kd6 68. f4 Rh8 69. Kg4 Rg8+ 70. Rg5 Rh8 71. f5
Ke7 72. Rg6 Kf7 73. Kg5 Ra8 74. h5 Ra1 75. Rf6+ Ke7 76. Re6+ Kf7 77. Re4 Rb1
78. h6 Rh1 79. Rh4 Rg1+ 80. Kh5 Kf6 81. Rh2 Rg5+ 82. Kh4 Rxf5 83. h7 Kg6 84.
h8=Q Rf4+ 85. Kg3 1-0

[Event "2. Abierto Hotel Cemar 2015"]
[Site "Mondariz ESP"]
[Date "2015.08.20"]
[Round "6.18"]
[White "Picazo Gonzalez, Ana"]
[Black "Romera Carrion, Ruben"]
[Result "1-0"]
[WhiteElo "1851"]
[BlackElo "1191"]
[PlyCount "50"]
[EventDate "2015.08.16"]
[EventType "swiss"]
[EventRounds "9"]
[EventCountry "ESP"]
[Source "lmi"]
[SourceDate "2015.08.16"]

1. d4 d5 2. Nf3 Nf6 3. e3 Bg4 4. c4 e6 5. Nc3 Bb4 6. Qa4+ Nc6 7. Ne5 Bxc3+ 8.
bxc3 Qd6 9. Ba3 Qd8 10. Nxc6 bxc6 11. Qxc6+ Nd7 12. cxd5 exd5 13. Qxd5 Be6 14.
Qe4 c6 15. Bc4 Qc7 16. Bxe6 fxe6 17. Qxe6+ Kd8 18. Qe7+ Kc8 19. O-O Nb6 20.
Qxc7+ Kxc7 21. e4 Nc4 22. Bc1 Rhe8 23. f3 Rad8 24. Bf4+ Kb6 25. Rab1+ Ka5 1-0

[Event "2. Abierto Hotel Cemar 2015"]
[Site "Mondariz ESP"]
[Date "2015.08.20"]
[Round "6.19"]
[White "Dominguez Certal, Dario"]
[Black "Fernandez Lopez, Ruben"]
[Result "0-1"]
[WhiteElo "1468"]
[BlackElo "1795"]
[PlyCount "58"]
[EventDate "2015.08.16"]
[EventType "swiss"]
[EventRounds "9"]
[EventCountry "ESP"]
[Source "lmi"]
[SourceDate "2015.08.16"]

1. e4 c5 2. Nf3 d6 3. d4 cxd4 4. Nxd4 Nf6 5. Nc3 a6 6. Be2 e5 7. Nb3 Be6 8. Be3
Be7 9. O-O O-O 10. Kh1 Nc6 11. f4 exf4 12. Bxf4 Ne5 13. Bxe5 dxe5 14. Qe1 Qc7
15. Qg3 b5 16. Nd4 b4 17. Nxe6 fxe6 18. Na4 Nxe4 19. Qg4 Nf2+ 20. Rxf2 Rxf2 21.
Qxe6+ Kh8 22. Bf3 Rf8 23. Kg1 Bc5 24. Nxc5 Qxc5 25. Kh1 Qxc2 26. Qxe5 Qd3 27.
h3 R8xf3 28. gxf3 Qxf3+ 29. Kg1 Qg2# 0-1

[Event "2. Abierto Hotel Cemar 2015"]
[Site "Mondariz ESP"]
[Date "2015.08.20"]
[Round "6.20"]
[White "Otero Campos, Cintia"]
[Black "Meira Iglesias, Alejandro"]
[Result "0-1"]
[WhiteElo "1139"]
[BlackElo "1773"]
[PlyCount "92"]
[EventDate "2015.08.16"]
[EventType "swiss"]
[EventRounds "9"]
[EventCountry "ESP"]
[Source "lmi"]
[SourceDate "2015.08.16"]

1. d4 c5 2. Nf3 cxd4 3. Qxd4 Nc6 4. Qd1 g6 5. e4 Bg7 6. c3 Nf6 7. Bf4 Nxe4 8.
Nbd2 Nc5 9. Bb5 Qb6 10. Bxc6 Nd3+ 11. Ke2 Nxf4+ 12. Kf1 bxc6 13. Qb3 Ba6+ 14.
Ke1 Nd3+ 15. Kd1 Nxf2+ 16. Kc2 Bd3+ 17. Kc1 Qxb3 18. axb3 Nxh1 19. Ne1 Nf2 20.
Nxd3 Nxd3+ 21. Kc2 Nf4 22. g3 Nd5 23. c4 Nb4+ 24. Kd1 O-O 25. Ra4 a5 26. Kc1
Bh6 27. Ra1 Bxd2+ 28. Kxd2 d5 29. Re1 e6 30. cxd5 cxd5 31. Kc3 Rfc8+ 32. Kd4
Nc2+ 33. Ke5 f6+ 34. Kd6 Nxe1 35. Kxe6 Rcb8 36. Kxd5 Rxb3 37. Ke6 Rxb2 38. h4
Rf8 39. g4 Re2+ 40. Kd5 a4 41. Kd4 a3 42. Kd5 Rd8+ 43. Kc6 Rc2+ 44. Kb5 Rb8+
45. Ka4 Rc7 46. Kxa3 Ra7# 0-1

[Event "2. Abierto Hotel Cemar 2015"]
[Site "Mondariz ESP"]
[Date "2015.08.20"]
[Round "6.23"]
[White "Gonzalez Sanchez, Javier"]
[Black "Garcia Lafuente, Luis Mario"]
[Result "0-1"]
[WhiteElo "1253"]
[BlackElo "1492"]
[PlyCount "100"]
[EventDate "2015.08.16"]
[EventType "swiss"]
[EventRounds "9"]
[EventCountry "ESP"]
[Source "lmi"]
[SourceDate "2015.08.16"]

1. e4 c6 2. d4 d5 3. e5 Bf5 4. Nf3 e6 5. Be2 Be7 6. Nbd2 h5 7. c4 Nd7 8. h3 h4
9. O-O Nh6 10. a3 Bg6 11. Re1 O-O 12. Nf1 dxc4 13. Bxc4 b5 14. Bxh6 gxh6 15.
Bd3 Kg7 16. Rc1 Rc8 17. b4 Nb6 18. Ne3 a6 19. Bxg6 fxg6 20. Nc2 Nd5 21. Qd3 Nf4
22. Qe4 Qd5 23. Nd2 Bg5 24. Nf3 Qxe4 25. Rxe4 Nxh3+ 26. Kf1 Bxc1 27. Ke2 Ng5
28. Rxh4 Nxf3 29. gxf3 Bg5 30. Rh1 Rf4 31. Rd1 Rcf8 32. Rd3 h5 33. Rc3 Rc8 34.
Ne1 Rf7 35. Nd3 Re7 36. Nc5 h4 37. f4 Bxf4 38. Rf3 g5 39. Nd3 Rf8 40. Rh3 Kg6
41. Kf3 Kh5 42. Ke4 Bd2 43. Rh2 Ref7 44. Rg2 h3 45. Rh2 Kh4 46. Rh1 g4 47. Rd1
Bf4 48. Rf1 h2 49. Rh1 Kh3 50. Ne1 Bd2 0-1

[Event "2. Abierto Hotel Cemar 2015"]
[Site "Mondariz ESP"]
[Date "2015.08.21"]
[Round "7.1"]
[White "Ramiro Ovejero, Juan Luis"]
[Black "Gomez Garrido, Camilo Ernesto"]
[Result "0-1"]
[WhiteElo "2343"]
[BlackElo "2519"]
[PlyCount "116"]
[EventDate "2015.08.16"]
[EventType "swiss"]
[EventRounds "9"]
[EventCountry "ESP"]
[Source "lmi"]
[SourceDate "2015.08.16"]

1. e4 c5 2. Nf3 d6 3. Bb5+ Nd7 4. O-O a6 5. Bd3 Ngf6 6. c3 b5 7. Bc2 Bb7 8. Re1
e5 9. d4 Be7 10. Nbd2 O-O 11. Nf1 Re8 12. Ng3 g6 13. h3 Bf8 14. d5 c4 15. Bg5
h6 16. Be3 Nc5 17. Nh2 h5 18. Bg5 Be7 19. Bh6 Bf8 20. Bg5 Be7 21. Bh6 Nh7 22.
Nf3 Bf8 23. Qd2 Bxh6 24. Qxh6 Qf6 25. Qe3 Qf4 26. Nf1 Nf6 27. N1d2 Qxe3 28.
Rxe3 Rec8 29. a4 Nfd7 30. Ree1 Nb6 31. a5 Nbd7 32. Nh2 Kg7 33. Nhf1 Nf6 34. h4
Rc7 35. Ne3 Ng4 36. Nxg4 hxg4 37. Nf1 Rf8 38. Ne3 Bc8 39. Rf1 f5 40. f4 gxf3
41. gxf3 f4 42. Ng2 Rh8 43. Kf2 Bh3 44. Rh1 Bxg2 45. Kxg2 Kf6 46. Rh2 Rch7 47.
Rah1 Rh5 48. Rh3 Kg7 49. R1h2 Nb7 50. Rh1 g5 51. hxg5 Rxh3 52. Rxh3 Rxh3 53.
Kxh3 Kg6 54. Kh4 Nxa5 55. Bd1 Nb3 56. Kg4 a5 57. Kh4 a4 58. Be2 Nc1 0-1

[Event "2. Abierto Hotel Cemar 2015"]
[Site "Mondariz ESP"]
[Date "2015.08.21"]
[Round "7.2"]
[White "Del Rey, Diego"]
[Black "Campora, Daniel H"]
[Result "1/2-1/2"]
[WhiteElo "2394"]
[BlackElo "2453"]
[PlyCount "59"]
[EventDate "2015.08.16"]
[EventType "swiss"]
[EventRounds "9"]
[EventCountry "ESP"]
[Source "lmi"]
[SourceDate "2015.08.16"]

1. d4 d5 2. c4 c6 3. cxd5 cxd5 4. Nc3 Nf6 5. Nf3 Nc6 6. Bf4 Bf5 7. e3 e6 8. Bd3
Bxd3 9. Qxd3 Bd6 10. Bxd6 Qxd6 11. O-O O-O 12. Rfc1 Rfc8 13. Ne2 h6 14. h3 Ne7
15. Nd2 Rxc1+ 16. Rxc1 Rc8 17. Rxc8+ Nxc8 18. Nc3 Qc6 19. Qb5 Qxb5 20. Nxb5 a6
21. Nc3 Nd6 22. b3 Kf8 23. Kf1 Ke7 24. Ke2 Kd8 25. Kd3 Nd7 26. f3 f5 27. g4 g6
28. gxf5 gxf5 29. Ne2 Ke7 30. Nf4 1/2-1/2

[Event "2. Abierto Hotel Cemar 2015"]
[Site "Mondariz ESP"]
[Date "2015.08.21"]
[Round "7.3"]
[White "Oratovsky, Michael"]
[Black "Rodriguez Lopez, Rafael"]
[Result "1/2-1/2"]
[WhiteElo "2495"]
[BlackElo "2255"]
[PlyCount "98"]
[EventDate "2015.08.16"]
[EventType "swiss"]
[EventRounds "9"]
[EventCountry "ESP"]
[Source "lmi"]
[SourceDate "2015.08.16"]

1. e4 c5 2. Nf3 d6 3. Bb5+ Nd7 4. O-O a6 5. Bd3 Ngf6 6. c3 b5 7. Bc2 Bb7 8. Re1
e5 9. d4 Rc8 10. a4 cxd4 11. cxd4 Qc7 12. Bd3 b4 13. Nbd2 Be7 14. Nb3 O-O 15.
d5 a5 16. Be3 Bd8 17. Nfd2 Qb8 18. Qe2 Qa8 19. f3 Nb6 20. Nc4 Nxc4 21. Bxc4 Nh5
22. Bb5 Nf4 23. Qd2 Ng6 24. Rac1 Rxc1 25. Rxc1 f5 26. Qc2 fxe4 27. fxe4 Nf4 28.
g3 Nh3+ 29. Kg2 Ng5 30. Nd2 h6 31. Rf1 Bf6 32. Bxg5 Bxg5 33. Rxf8+ Qxf8 34. Nf3
Be3 35. Qc7 Bc8 36. Bd7 Ba6 37. Be6+ Kh8 38. Bf5 Bg5 39. Nxg5 hxg5 40. Qxa5 Bc4
41. Qxb4 Bxd5 42. exd5 Qxf5 43. Qd2 e4 44. Qe2 Qxd5 45. Qh5+ Kg8 46. Qe8+ Kh7
47. Qh5+ Kg8 48. Qe8+ Kh7 49. Qh5+ Kg8 1/2-1/2

[Event "2. Abierto Hotel Cemar 2015"]
[Site "Mondariz ESP"]
[Date "2015.08.21"]
[Round "7.4"]
[White "De Prado Rodriguez, Oscar Bruno"]
[Black "Sande Edreira, Jose Antonio"]
[Result "1/2-1/2"]
[WhiteElo "2237"]
[BlackElo "2244"]
[PlyCount "59"]
[EventDate "2015.08.16"]
[EventType "swiss"]
[EventRounds "9"]
[EventCountry "ESP"]
[Source "lmi"]
[SourceDate "2015.08.16"]

1. d4 g6 2. Bf4 Bg7 3. e3 d6 4. Nf3 Nd7 5. h3 e5 6. Bh2 Ne7 7. Be2 O-O 8. O-O
Nf5 9. dxe5 Nxe5 10. Nxe5 dxe5 11. Nc3 Be6 12. Qxd8 Rfxd8 13. Rfd1 f6 14. a3
Kf7 15. Nb5 Rdc8 16. g4 Nd6 17. Rxd6 cxd6 18. Nxd6+ Ke7 19. Nxc8+ Rxc8 20. c3
Bb3 21. Bd1 Bd5 22. Bc2 Bf3 23. Bd1 Bc6 24. Bc2 Bf3 25. Bd1 Bc6 26. Be2 Ba4 27.
Bd1 Bc6 28. Bc2 Bf3 29. Bd1 Bc6 30. Bc2 1/2-1/2

[Event "2. Abierto Hotel Cemar 2015"]
[Site "Mondariz ESP"]
[Date "2015.08.21"]
[Round "7.5"]
[White "Panelo, Marcelo"]
[Black "Belsley, Alexandre"]
[Result "1-0"]
[WhiteElo "2418"]
[BlackElo "2026"]
[PlyCount "75"]
[EventDate "2015.08.16"]
[EventType "swiss"]
[EventRounds "9"]
[EventCountry "ESP"]
[Source "lmi"]
[SourceDate "2015.08.16"]

1. e4 c6 2. d4 d5 3. f3 e6 4. Nc3 Bb4 5. Bf4 Ne7 6. Qd3 b6 7. Nge2 Ba6 8. Qe3
O-O 9. a3 Bd6 10. O-O-O Bxf4 11. Nxf4 Bxf1 12. Rhxf1 Nd7 13. h4 Qc7 14. h5 h6
15. g4 dxe4 16. fxe4 e5 17. Nfe2 Rad8 18. g5 hxg5 19. Qxg5 Qd6 20. Rg1 Qf6 21.
dxe5 Qxg5+ 22. Rxg5 Nc5 23. Rdg1 Ne6 24. R5g4 f5 25. Nf4 fxg4 26. Nxe6 Kh7 27.
Nxd8 Rxd8 28. Rxg4 Rf8 29. Ne2 c5 30. Nf4 Nc6 31. e6 Ne5 32. Rg5 Rxf4 33. Rxe5
Rf8 34. Kd2 g6 35. hxg6+ Kxg6 36. Ke3 Re8 37. Kf4 Rf8+ 38. Rf5 1-0

[Event "2. Abierto Hotel Cemar 2015"]
[Site "Mondariz ESP"]
[Date "2015.08.21"]
[Round "7.6"]
[White "Espiñeira Gonzalez, Diego"]
[Black "Garcia Sobrino, David"]
[Result "1/2-1/2"]
[WhiteElo "2380"]
[BlackElo "2026"]
[PlyCount "133"]
[EventDate "2015.08.16"]
[EventType "swiss"]
[EventRounds "9"]
[EventCountry "ESP"]
[Source "lmi"]
[SourceDate "2015.08.16"]

1. d4 e6 2. c4 d5 3. Nf3 c6 4. e3 f5 5. b3 Nf6 6. Bd3 Bd6 7. O-O Qe7 8. Bb2 O-O
9. Qc1 Nbd7 10. Ba3 Ne4 11. Bxd6 Qxd6 12. Qb2 b6 13. Nc3 Bb7 14. Ne2 c5 15.
Rad1 Nef6 16. Ne5 Rad8 17. f3 Rfe8 18. Rfe1 Qc7 19. Nxd7 Rxd7 20. dxc5 Qxc5 21.
Nd4 Rdd8 22. b4 Qe7 23. c5 bxc5 24. bxc5 Rb8 25. Qa3 Nd7 26. Rc1 Rec8 27. Rc3
Ne5 28. Bb5 a6 29. Bf1 Nc6 30. Rb1 Qf6 31. Qa4 e5 32. Nxc6 Bxc6 33. Rxb8 Bxa4
34. Rxc8+ Kf7 35. Ra3 Bb5 36. Bxb5 axb5 37. Ra7+ Kg6 38. Rcc7 Qh4 39. Rxg7+ Kf6
40. Rgf7+ Kg6 41. g3 Qb4 42. Rg7+ Kf6 43. Raf7+ Ke6 44. c6 Qe1+ 45. Kg2 Qe2+
46. Kh3 Qxf3 47. Kh4 Qxe3 48. Rxh7 Qe4+ 49. Kh5 Qg4+ 50. Kh6 Qh3+ 51. Kg7 Qg4+
52. Kf8 Kd6 53. Rfg7 Qa4 54. Rg6+ Kc5 55. c7 Qa8+ 56. Kg7 f4 57. gxf4 exf4 58.
Rf6 Qc8 59. Rf7 Qg4+ 60. Kh8 Qc8+ 61. Kg7 Qg4+ 62. Kf6 Kd6 63. Rh8 Qe6+ 64. Kg7
Qg4+ 65. Kf6 Qe6+ 66. Kg7 Qe5+ 67. Kh7 1/2-1/2

[Event "2. Abierto Hotel Cemar 2015"]
[Site "Mondariz ESP"]
[Date "2015.08.21"]
[Round "7.7"]
[White "Laliena Solanes, Luis"]
[Black "Torcal Miguel, Oscar"]
[Result "1-0"]
[WhiteElo "2207"]
[BlackElo "1969"]
[PlyCount "123"]
[EventDate "2015.08.16"]
[EventType "swiss"]
[EventRounds "9"]
[EventCountry "ESP"]
[Source "lmi"]
[SourceDate "2015.08.16"]

1. e4 c5 2. Nc3 Nc6 3. Bb5 e6 4. Bxc6 bxc6 5. Nf3 d5 6. d3 Ne7 7. O-O g6 8. Na4
Qa5 9. b3 Bg7 10. Rb1 Ba6 11. c4 Rd8 12. Qc2 O-O 13. Bd2 Qc7 14. Nxc5 Bc8 15.
d4 dxe4 16. Qxe4 Nf5 17. Bc3 Qd6 18. Rbd1 Rfe8 19. Ba5 Nxd4 20. Bxd8 Rxd8 21.
Nxd4 Bxd4 22. Nd3 c5 23. h4 Qe7 24. Ne5 Bb7 25. Qf4 f6 26. Ng4 Rf8 27. Rxd4
cxd4 28. Qxd4 e5 29. Qxa7 Ra8 30. Qb6 Ra6 31. Qb5 Rxa2 32. Rd1 Bc8 33. Qb8 Qf8
34. Nxf6+ Kg7 35. Ne4 Qf5 36. Qc7+ Kh6 37. Qd8 Qxe4 38. Qxc8 Qxh4 39. Qh3 Qxh3
40. gxh3 Rb2 41. Rd3 Rc2 42. Re3 Kg5 43. Rxe5+ Kf4 44. Re3 h5 45. Kg2 h4 46.
Re8 Rc3 47. Re3 Rc2 48. Re1 Rb2 49. Rc1 Rxb3 50. c5 Rb7 51. c6 Rc7 52. Rc4+ Kg5
53. Kf3 Kf5 54. Rc5+ Ke6 55. Kg4 Kd6 56. Rc2 Rc8 57. c7 Ke5 58. Kg5 Ke4 59.
Kxg6 Kd3 60. Rc6 Ke4 61. Kg5 Kf3 62. Rc2 1-0

[Event "2. Abierto Hotel Cemar 2015"]
[Site "Mondariz ESP"]
[Date "2015.08.21"]
[Round "7.8"]
[White "Galvez Perez, Jose Luis"]
[Black "Lorenzo Duran, Marcos"]
[Result "0-1"]
[WhiteElo "1906"]
[BlackElo "2160"]
[PlyCount "56"]
[EventDate "2015.08.16"]
[EventType "swiss"]
[EventRounds "9"]
[EventCountry "ESP"]
[Source "lmi"]
[SourceDate "2015.08.16"]

1. d4 d5 2. c4 c6 3. cxd5 cxd5 4. Nc3 Nf6 5. Bf4 Nc6 6. e3 Bf5 7. Qb3 Na5 8.
Qa4+ Bd7 9. Qc2 e6 10. Bd3 Rc8 11. Nge2 Be7 12. Rc1 Nc4 13. a4 Qb6 14. b3 Na5
15. Rb1 Nc6 16. h3 Nb4 17. Qd1 O-O 18. O-O a6 19. Be5 Rc6 20. Qd2 Rfc8 21. Rfc1
Nxd3 22. Qxd3 Qa5 23. f3 Ba3 24. b4 Bxb4 25. Bxf6 gxf6 26. Rb3 Rc4 27. Na2 Bd6
28. Rxb7 Rxc1+ 0-1

[Event "2. Abierto Hotel Cemar 2015"]
[Site "Mondariz ESP"]
[Date "2015.08.21"]
[Round "7.9"]
[White "Asensio Liñan, Teodoro"]
[Black "Maquieira Vidal, Alvaro"]
[Result "0-1"]
[WhiteElo "2156"]
[BlackElo "1832"]
[PlyCount "98"]
[EventDate "2015.08.16"]
[EventType "swiss"]
[EventRounds "9"]
[EventCountry "ESP"]
[Source "lmi"]
[SourceDate "2015.08.16"]

1. e4 c5 2. Nf3 g6 3. Nc3 Bg7 4. d4 cxd4 5. Nxd4 d6 6. Be2 Nf6 7. O-O O-O 8.
Bg5 Nc6 9. Nb3 a6 10. Re1 b5 11. Bf1 Bb7 12. Qd2 Rc8 13. Rad1 Nb4 14. a3 Nc6
15. Nd5 Nxd5 16. exd5 Ne5 17. Kh1 Re8 18. f4 Ng4 19. h3 Nf6 20. Be2 Ne4 21. Qe3
Nxg5 22. c3 Bxd5 23. Rxd5 Ne6 24. Bg4 Nc7 25. Rd2 e6 26. Bf3 d5 27. Nd4 Na8 28.
Rde2 Nb6 29. Qf2 Nc4 30. g3 Nd6 31. Bg2 Qb6 32. Rd1 Bxd4 33. Qxd4 Qxd4 34. Rxd4
Rc4 35. Rd3 a5 36. Re1 b4 37. cxb4 axb4 38. a4 b3 39. Rxb3 Rxa4 40. Rb6 Rd8 41.
b3 Ra2 42. Rd1 Nf5 43. Rd3 Rc8 44. g4 Rc1+ 45. Kh2 Nh4 46. Kg3 Nxg2 47. Rb7 Ne1
48. Re3 d4 49. Re5 Rg2+ 0-1

[Event "2. Abierto Hotel Cemar 2015"]
[Site "Mondariz ESP"]
[Date "2015.08.21"]
[Round "7.10"]
[White "Tallarico Tallarico, Ovidio Mario"]
[Black "Buitron Ramil, David"]
[Result "0-1"]
[WhiteElo "2114"]
[BlackElo "1641"]
[PlyCount "74"]
[EventDate "2015.08.16"]
[EventType "swiss"]
[EventRounds "9"]
[EventCountry "ESP"]
[Source "lmi"]
[SourceDate "2015.08.16"]

1. b3 e5 2. Bb2 d6 3. e3 Be7 4. Nf3 Nf6 5. d4 e4 6. Nfd2 d5 7. c4 c6 8. Ba3 Bg4
9. Qc1 O-O 10. Nc3 a6 11. h3 Be6 12. Be2 b5 13. Bxe7 Qxe7 14. O-O Nbd7 15. Qc2
Rfc8 16. Rac1 Nf8 17. a4 b4 18. Nd1 a5 19. f3 exf3 20. Bxf3 Ng6 21. e4 Nh4 22.
exd5 cxd5 23. c5 Qc7 24. Rf2 Re8 25. Nf1 Bf5 26. Qd2 Be4 27. Qg5 Nxf3+ 28. gxf3
Bd3 29. Nde3 Bxf1 30. Kxf1 h6 31. Nxd5 Nxd5 32. Qxd5 Qf4 33. Rcc2 Rad8 34. Qh5
Rxd4 35. Rce2 Red8 36. Re4 Qg3 37. Rfe2 Rxe4 0-1

[Event "2. Abierto Hotel Cemar 2015"]
[Site "Mondariz ESP"]
[Date "2015.08.21"]
[Round "7.11"]
[White "Campos Calvo-sotelo, Juan"]
[Black "Adams, Philip"]
[Result "0-1"]
[WhiteElo "1956"]
[BlackElo "2015"]
[PlyCount "60"]
[EventDate "2015.08.16"]
[EventType "swiss"]
[EventRounds "9"]
[EventCountry "ESP"]
[Source "lmi"]
[SourceDate "2015.08.16"]

1. e4 c5 2. d3 Nc6 3. f4 g6 4. Nf3 Bg7 5. Be2 e6 6. O-O Nge7 7. c3 O-O 8. Qe1
d6 9. g4 f5 10. g5 b5 11. h4 b4 12. h5 a5 13. Nh4 Qd7 14. hxg6 hxg6 15. exf5
exf5 16. Bf3 Re8 17. Qg3 Bb7 18. Qg2 Nd8 19. Re1 Bxf3 20. Qxf3 Qc6 21. Qf1 Rb8
22. Be3 Kf7 23. d4 Nd5 24. Bf2 Rxe1 25. Qxe1 Nxf4 26. Bg3 Nde6 27. Qf1 Qe4 28.
d5 Nxg5 29. Nd2 Qe3+ 30. Kh2 Qxd2+ 0-1

[Event "2. Abierto Hotel Cemar 2015"]
[Site "Mondariz ESP"]
[Date "2015.08.21"]
[Round "7.12"]
[White "De Sousa Da Silva, Armando"]
[Black "Salgado Gonzalez, Julio"]
[Result "1-0"]
[WhiteElo "1958"]
[BlackElo "1801"]
[PlyCount "67"]
[EventDate "2015.08.16"]
[EventType "swiss"]
[EventRounds "9"]
[EventCountry "ESP"]
[Source "lmi"]
[SourceDate "2015.08.16"]

1. d4 d5 2. c4 dxc4 3. e3 Nf6 4. Bxc4 a6 5. Bb3 e6 6. Nf3 c5 7. O-O Nc6 8. Qe2
b5 9. dxc5 Bxc5 10. Rd1 Qc7 11. Nc3 O-O 12. Bd2 Bb7 13. Rac1 Na5 14. Nd5 Bxd5
15. Bxa5 Qxa5 16. Rxc5 Bxb3 17. axb3 Qb4 18. Qc2 Rad8 19. Rxd8 Rxd8 20. h3 g6
21. Rc6 a5 22. Nd4 e5 23. Nf3 Kg7 24. Qc5 Qxc5 25. Rxc5 Rd5 26. Rxd5 Nxd5 27.
Nxe5 Nb4 28. Kf1 f6 29. Nf3 Nc2 30. Ke2 a4 31. Nd4 Nxd4+ 32. exd4 Kf7 33. bxa4
bxa4 34. Kd3 1-0

[Event "2. Abierto Hotel Cemar 2015"]
[Site "Mondariz ESP"]
[Date "2015.08.21"]
[Round "7.13"]
[White "Campos Calvo-sotelo, Javier"]
[Black "Gonzalez Eiris, Daniel"]
[Result "1-0"]
[WhiteElo "2087"]
[BlackElo "1833"]
[PlyCount "45"]
[EventDate "2015.08.16"]
[EventType "swiss"]
[EventRounds "9"]
[EventCountry "ESP"]
[Source "lmi"]
[SourceDate "2015.08.16"]

1. d4 e6 2. g3 f5 3. Bg2 Nf6 4. Nf3 Be7 5. O-O O-O 6. c4 d6 7. Nc3 a5 8. Qc2
Nc6 9. Rd1 Qe8 10. e4 fxe4 11. Nxe4 Qh5 12. Nxf6+ Bxf6 13. Be3 e5 14. dxe5 dxe5
15. Bc5 e4 16. Rd5 Qg4 17. Nd2 e3 18. fxe3 Re8 19. Ne4 Be7 20. Nf2 Qe6 21. Rh5
Qg6 22. Bd5+ Be6 23. Qxg6 1-0